000 00686nam a2200289Ia 4500
005 20260324141547.0
008 008 260324s9999 xx 000 0 eng d
020 _a9781315830919
037 _aEBOOK
040 _aCRL
040 _beng
040 _cCRL
041 _2eng
041 _aeng
084 _qCRL
100 _aPertti Saariluoma
_91208645
245 0 _aFoundational Analysis
245 0 _bPresuppositions in Experimental Psychology
260 _bTaylor and Francis
260 _c1997
365 _a
365 _b230
856 _uhttp://www.taylorfrancis.com/books/9781315830919
942 _cEBOOK
999 _c1811874
_d1811874